1903 1516 1656 1290 1651 1400 1610 1861 1457 1942 2000 1339 1992 1546 1845 1671 1265 1301 1656 1836 1647 1549 1744 1207 1890 1708 1890 1704 1244 1428 1302 1836 1285 1489 1728 1248 1560 1630 1205 1504 1988 1984 1259 1758 1938 1592 1285 1808 1564 1511 1620 1665 1555 1483 1133 1856 1200 1998 1527 1964 1941 1704 1983 1795 1808 1838 1064 1607 1798 1380 1077 1052 1075 1737 1805 1066 1255 1971 1282 1784 1071 1517 1123 1756 1214 1853 1371 1570 1955 1049 1007 1504 1887 1501 1240 1259 1907 1447 1901 BCNSPRNW ULIB Ver.6.0+V

เปลี่ยนเป็นภาษาไทย

Change to English
 แสดงรายละเอียดบรรณานุกรม
  กลับหน้าหลัก

Brief Record : Get Marc (ISO 2709) : E-mail record : QR code < ปิดหน้าต่าง
LEADER : 00000nam 2200000uu 4500
001    13399126823
003     ULIB
008    190508s2560||||th 000 0 tha d
020    ^a9786164260511
060  0 ^aWY106^bช637ก
100 0  ^aชุลีกร ด่านยุทธศิลป์
245 00 ^aกระบวนการพยาบาลอนามัยชุมชน: แนวคิดและการปฏิบัติการพยาบาล =^bCommunity health nursing process concept and nursing practice/^cชุลีกร ด่านยุทธศิลป์
250    ^aพิมพ์ครั้งที่ 1
260    ^aพิษณุโลก :^bโครงการตำราคณะพยาบาลศาสตร์ มหาวิทยาลัยนเรศวร,^c2560
300    ^a216 หน้า
650  0 ^aกระบวนการพยาบาลอนามัยชุมชน
650  0 ^aการปฏิบัติการพยาบาล
856    ^a^zกระบวนการพยาบาลอนามัยชุมชน: แนวคิดและการปฏิบัติการพยาบาล = Community health nursing process concept and nursing practice.pdf (สารบัญหนังสือ)^uhttp://110.164.66.211/ULIB6//_fulltext/bookcontent/13399114225/B0051102.pdf
945    ^p215^l0^i005478
999    ^aประนอม เกษจรัล
รายการนี้ยังไม่มีแท็ก
คุณยังไม่ได้ล็อกอิน คุณสามารถมีกิจกรรมร่วมกับเว็บไซต์ได้ แต่ต้องล็อกอินก่อน ::
  ล็อกอิน

รายการสื่อสารสนเทศ

ลำดับที่ ประเภท เลขเรียก/บาร์โค้ด สถานที่ สถานะ
1. Book การพยาบาล
หนังสือสำรอง
สถานะ=หนังสือสำรอง
WY106 ช637ก ฉ.1 
  Barcode: 005478
ห้องสมุดวิทยาเขตสวรรค์ประชารักษ์
►หนังสือทั่วไป
บนชั้น

รายการใกล้เคียง
    หัวเรื่อง [การปฏิบัติการพยาบาล]

BibComment


ยังไม่เคยถูกคอมเมนท์

คอมเมนท์ทรัพยากรรายการนี้
  คอมเมนท์: กระบวนการพยาบาลอ..


 Copyright 2026. Bcnsprnw @Library